| 000 | 00467nam a2200121 a 4500 | ||
|---|---|---|---|
| 008 | 120416s9999 xx |||||||||||||| || u | ||
| 050 | _aNA 9040.Z7 Rak | ||
| 100 | _aRakodi, Carole | ||
| 245 | 1 | 0 | _aLand, housing and urban development in Zimbabwe |
| 246 | _amarkets and policy in Harare and Gweru | ||
| 350 | _a0.00 | ||
| 995 |
_D0.00 _FCBU-MAIN LIBRARY (Kitwe) _H1 _I15.00 _M1 _UDAMAGED _ZMain Library Open Access Collection |
||
| 999 |
_c48778 _d48778 |
||